2024 MLB Award Predictions - Statistics

General Stats
  • This quiz has been taken 131 times
  • The average score is 13 of 31
Answer Stats
Category Player % Correct
AL MVP Aaron Judge
90%
NL MVP Shohei Ohtani
90%
AL MVP Juan Soto
78%
NL MVP Mookie Betts
69%
NL MVP Ronald Acuña Jr.
69%
NL MVP Freddie Freeman
65%
AL Cy Young Corbin Burnes
60%
AL ROY Jackson Holliday
57%
NL Cy Young Zack Wheeler
55%
NL Cy Young Spencer Strider
53%
NL ROY Yoshinobu Yamamoto
53%
AL MVP Yordan Alvarez
50%
AL MVP Bobby Witt Jr.
48%
NL MVP Fernando Tatís Jr.
48%
AL Cy Young Tarik Skubal
46%
AL MVP Corey Seager
41%
AL MVP Julio Rodríguez
41%
AL Cy Young Framber Valdez
39%
NL Cy Young Max Fried
39%
NL Cy Young Logan Webb
34%
NL ROY Jackson Chourio
31%
NL ROY Jackson Merrill
29%
AL Cy Young Kevin Gausman
28%
NL ROY Shōta Imanaga
27%
AL ROY Wyatt Langford
25%
AL Cy Young George Kirby
23%
NL Cy Young Freddy Peralta
19%
AL ROY Evan Carter
17%
NL ROY Jung Hoo Lee
16%
AL ROY Cole Keith
4%
AL ROY Junior Caminero
3%
No matching quizzes found
Score Distribution
Percent of People with Each Score
Percentile by Number Answered
Your Score History
You have not taken this quiz